| 000 | 01326nam a2200361Ia 4500 | ||
|---|---|---|---|
| 001 | Z_6995 | ||
| 003 | CHAP | ||
| 005 | 20221118152003.0 | ||
| 008 | 220113s2017 xx 000 0 und d | ||
| 010 | _a170267 | ||
| 040 | _cCHAP | ||
| 090 | _aTesis C66 2584 | ||
| 100 |
_aContreras Piña, Sonia _927526 |
||
| 245 |
_aModelación de curvas de crecimiento y de lactancia en bovinos lecheros en pastoreo / _cSonia Contreras Piña |
||
| 260 |
_aMéxico : _bEl autor, _c2017 |
||
| 300 | _aCD | ||
| 502 | _aTesis (Maestro en Ciencias en Innovación Ganadera) -- UACh, 2017 \ Dirección: José Guadalupe García Muñiz; asesoría: Rodolfo Ramírez Valverde y Rafael Nuñez Domínguez | ||
| 650 |
_aComparación de modelos lineales _9146511 |
||
| 650 |
_aCurvas de lactancia y crecimiento _9146512 |
||
| 650 |
_aGanado bovino _9138033 |
||
| 650 |
_aLeche y componentes _9146513 |
||
| 650 |
_aPastoreo _985984 |
||
| 650 |
_aRaza holstein y jersey _9146514 |
||
| 700 |
_a Núñez Domínguez, Rafael, asesor _9144192 |
||
| 700 |
_a Ramírez Valverde, Rodolfo, asesor _9144574 |
||
| 700 |
_aGarcía Muñiz, José Guadalupe, director _9145134 |
||
| 856 | 4 | 2 |
_uhttp://10.13.5.2/tesis/sist113936.pdf _yDescargar PDF |
| 901 | _aTESIS C66 2584 | ||
| 902 | _aM | ||
| 910 | _a2017 | ||
| 942 |
_c2 _2ddc |
||
| 942 |
_c2 _2ddc |
||
| 999 |
_c170267 _d170267 |
||